Lowland management to be shaken up (Record no. 117018)
[ view plain ]
| 000 -LEADER | |
|---|---|
| fixed length control field | 01191cam a2200217 4500 |
| 001 - CONTROL NUMBER | |
| control field | WB4006-16 |
| 008 - FIXED-LENGTH DATA ELEMENTS--GENERAL INFORMATION | |
| fixed length control field | 040212n2004 000 0 eng u |
| 035 ## - SYSTEM CONTROL NUMBER | |
| System control number | (Sirsi) u125125 |
| 245 ## - TITLE STATEMENT | |
| Title | Lowland management to be shaken up |
| 260 ## - PUBLICATION, DISTRIBUTION, ETC. | |
| Date of publication, distribution, etc. | 2004 |
| 490 ## - SERIES STATEMENT | |
| Series statement | English Nature Press Release |
| Volume/sequential designation | (EN/04/05) 10 February 2004 (4) |
| 520 ## - SUMMARY, ETC. | |
| Summary, etc. | English Nature has published "State of nature: lowlands - future landscapes for wildlife", which examines the health of England's countryside. It lists the 10 most critical actions needed to deliver environmentally sustainable management and tackle the increasing pressures on the lowlands. It calls for England's lowlands to be managed as a whole in order to reverse the decline of wildlife and habitats, as just protecting the remaining vulnerable sites is inadequate. Copies of the report are available from http://www.english-nature.org.uk or t +44 (0)870 1214 177. http://www.english-nature.org.uk/news/story.asp?ID =561 |
| 590 ## - LOCAL NOTE (RLIN) | |
| Local note | WB |
| 590 ## - LOCAL NOTE (RLIN) | |
| Local note | WB |
| 650 ## - SUBJECT ADDED ENTRY--TOPICAL TERM | |
| Topical term or geographic name entry element | LOWLAND MANAGEMENT |
| 650 ## - SUBJECT ADDED ENTRY--TOPICAL TERM | |
| Topical term or geographic name entry element | SUSTAINABLE ENVIRONMENT |
| 650 ## - SUBJECT ADDED ENTRY--TOPICAL TERM | |
| Topical term or geographic name entry element | COUNTRYSIDE |
| 650 ## - SUBJECT ADDED ENTRY--TOPICAL TERM | |
| Topical term or geographic name entry element | WILDLIFE HABITATS |
| 690 ## - LOCAL SUBJECT ADDED ENTRY--TOPICAL TERM (OCLC, RLIN) | |
| Topical term or geographic name as entry element | RURAL-NATURE CONSERVATION |
| 942 ## - ADDED ENTRY ELEMENTS (KOHA) | |
| Suppress in OPAC | 0 |
| Withdrawn status | Lost status | Source of classification or shelving scheme | Damaged status | Not for loan | Home library | Current library | Shelving location | Date acquired | Total Checkouts | Full call number | Barcode | Date last seen | Copy number | Price effective from | Koha item type |
|---|---|---|---|---|---|---|---|---|---|---|---|---|---|---|---|
| Dewey Decimal Classification | London | London | News article | 12/02/2004 | WB4006-16 | 125125-1001 | 06/08/2019 | 1 | 06/08/2019 | News article |